000
00249nam a2200097Ia 4500
001
1250002
005
20251031150847.0
008
251031s9999 xx 000 0 und d
245
0
_c
YILMAZ ERDOĞAN
_a
E-4 BİR DİLEK TUT
260
_b
TİMAŞ İLK GENÇ
999
_c
1250002
_d
1250002